|
|
|
|
| LEADER |
00000cam a2200000 7i4500 |
| 001 |
0000005575 |
| 002 |
000006027 |
| 005 |
20000330.0 |
| 020 |
|
|
|a 1854224352
|
| 090 |
0 |
0 |
|a JF
|b LIT
|
| 245 |
0 |
0 |
|a Little red riding hood
|c Illustrated by Van Gools
|
| 260 |
|
|
|a Leicester :
|b Magna Books ,
|c 1992
|
| 300 |
|
|
|a 60p :
|b ill ;
|c 38cm.
|
| 490 |
0 |
|
|a Magna fairy tale classic
|
| 650 |
0 |
0 |
|a Children's stories
|
| 999 |
|
|
|a 029071
|b BUKU
|c JUNIOR REFERENCE
|e PERPUSTAKAAN KOMUNITI PETALING JAYA
|
| 999 |
|
|
|a 057278
|b BUKU
|c PINJAMAN
|e PERPUSTAKAAN KOMUNITI PETALING JAYA
|
| 999 |
|
|
|a 057280
|b BUKU
|c PINJAMAN
|e PERPUSTAKAAN KOMUNITI PETALING JAYA
|